=LDR 00000nam 2200000 4500 =001 INLIS000000000041949 =005 20200309020313 =035 ##$$a 0010-061300000041949 =008 200309################g##########0#ind## =041 ##$$a Ind =082 ##$$a 299.5 =090 ##$$a 299, Spi s =245 1#$$a Spirit khonghucu modal sosial dalam merenda kebangsaan /$c Shadiq Kawu...{ et al } =260 ##$$a Jakarta :$b Orbit,$c 2011 =300 ##$$a xii, 270 hlm ; $c 21 x 14 cm =650 #4$$a Khonghucu =850 ##$$a NBPNMAT =020 ##$$a 978-602-99404-8-0 =084 ##$$a 299.5 SHA s =100 #$$a Shadiq Kawu =504 ##$$a Bibliografi: halaman 270 =990 ##$$a 14141414 =990 ##$$a 31200278